Total quality in managing human resources / (Record no. 3379)
[ view plain ]
| 000 -LEADER | |
|---|---|
| fixed length control field | nam a22 a 4500 |
| 003 - CONTROL NUMBER IDENTIFIER | |
| control field | AKMAL |
| 005 - DATE AND TIME OF LATEST TRANSACTION | |
| control field | 20170522124055.0 |
| 008 - FIXED-LENGTH DATA ELEMENTS--GENERAL INFORMATION | |
| fixed length control field | 170522s1997 flu 00 eng d |
| 020 ## - INTERNATIONAL STANDARD BOOK NUMBER | |
| International Standard Book Number | 983899829X (invalid ): |
| Terms of availability | RM 36.90 |
| Canceled/invalid ISBN | 9838998257 |
| 040 ## - CATALOGING SOURCE | |
| Original cataloging agency | AKMAL |
| 082 04 - DEWEY DECIMAL CLASSIFICATION NUMBER | |
| Classification number | 658.4013 PET |
| 090 00 - LOCALLY ASSIGNED LC-TYPE CALL NUMBER (OCLC); LOCAL CALL NUMBER (RLIN) | |
| Classification number (OCLC) (R) ; Classification number, CALL (RLIN) (NR) | 658.4013 |
| Local cutter number (OCLC) ; Book number/undivided call number, CALL (RLIN) | PET |
| 100 1# - MAIN ENTRY--PERSONAL NAME | |
| Personal name | Petrick, Joseph A., |
| Dates associated with a name | 1946- |
| 9 (RLIN) | 6833 |
| 245 10 - TITLE STATEMENT | |
| Title | Total quality in managing human resources / |
| Statement of responsibility, etc. | by Joseph A. Petrick, Diana S. Furr |
| 260 ## - PUBLICATION, DISTRIBUTION, ETC. | |
| Place of publication, distribution, etc. | Kuala Lumpur : |
| Name of publisher, distributor, etc. | Synergy Books International, |
| Date of publication, distribution, etc. | 1997 |
| 300 ## - PHYSICAL DESCRIPTION | |
| Extent | xviii, 370p. : |
| Other physical details | ill. ; |
| Dimensions | 22cm |
| 500 ## - GENERAL NOTE | |
| General note | Includes index |
| 504 ## - BIBLIOGRAPHY, ETC. NOTE | |
| Bibliography, etc. note | Includes bibliographical references |
| 650 #0 - SUBJECT ADDED ENTRY--TOPICAL TERM | |
| Topical term or geographic name entry element | Personnel management |
| 9 (RLIN) | 602 |
| 650 #0 - SUBJECT ADDED ENTRY--TOPICAL TERM | |
| Topical term or geographic name entry element | Total quality management |
| 9 (RLIN) | 541 |
| 700 1# - ADDED ENTRY--PERSONAL NAME | |
| Personal name | Furr, Diana S. |
| 9 (RLIN) | 6834 |
| 942 ## - ADDED ENTRY ELEMENTS (KOHA) | |
| Source of classification or shelving scheme | |
| Koha item type | Book |
| Withdrawn status | Lost status | Source of classification or shelving scheme | Damaged status | Not for loan | Collection code | Home library | Current library | Shelving location | Date acquired | Inventory number | Total Checkouts | Full call number | Barcode | Date last seen | Price effective from | Koha item type |
|---|---|---|---|---|---|---|---|---|---|---|---|---|---|---|---|---|
| NON-FICTION | AKMAL Melaka | AKMAL Melaka | PINJAMAN | 22.05.2017 | 602010 | 658.4013 PET | 201704184 | 22.05.2017 | 22.05.2017 | Book |
